Advanced nanomaterials / (Record no. 2425)

MARC details
000 -LEADER
fixed length control field 00577cam a22001817a 4500
008 - FIXED-LENGTH DATA ELEMENTS--GENERAL INFORMATION
fixed length control field 110405s2010 gw a b 001 0 eng d
020 ## - INTERNATIONAL STANDARD BOOK NUMBER
ISBN 9783527317943 (hbk. : set)
020 ## - INTERNATIONAL STANDARD BOOK NUMBER
ISBN 3527317945 (hbk. : set)
245 00 - TITLE STATEMENT
Title Advanced nanomaterials /
Statement of responsibility, etc edited by Kurt E. Geckeler and Hiroyuki Nishide.
260 ## - PUBLICATION, DISTRIBUTION, ETC. (IMPRINT)
Place of publication Weinheim :
Name of publisher Wiley-VCH,
Date of publication c2010.
300 ## - COLLATION
Pagination 2 v. (xxiv, 906 p.) :
Other physical details ill. (some col.) ;
650 #0 - TRACINGS
Main Subject Nanostructured materials.
700 1# - ADDITIONAL AUTHOR
Additional Author Geckeler, Kurt E.
700 1# - ADDITIONAL AUTHOR
Additional Author Nishide, Hiroyuki.
942 ## - ADDED ENTRY ELEMENTS (KOHA)
Item type Books
050 00 - LIBRARY OF CONGRESS CALL NUMBER
Classification number TA418.9.N35
Item number A3286 2010
082 04 - DEWEY DECIMAL CLASSIFICATION NUMBER
Classification number 620.5
Holdings
Source of classification or shelving scheme Not for loan Permanent location Current location Date acquired Accession No. Full call number Barcode. Koha item type
Library of Congress Classification   Engineering Library Engineering Library 03/18/2025 2024/63752-53 TA418.9.A38 2025-0689 Books
Library of Congress Classification   Engineering Library Engineering Library 03/18/2025 2024/63752-53 TA418.9.A38 2025-0690 Books